LEADER 01143nam a2200241 4500 001 000000355994 003 CaOOAMICUS 005 20231123123108.0 008 231030s2007 it 000 u ita r 020 $a978-88-209-6995-0 040 $aSeMil$bita 100 1 $aChiesa cattolica :$bPontificio Consiglio della pastorale per i migranti e gli itineranti.$0(OLS)http://semarc/name/118605 245 10$aOrientamenti per la pastorale della strada / $cPontificio Consiglio per la pastorale per i migranti e gli itineranti. 264 1$aCittą del Vaticano :$bTipografia Vaticana,$c2007. 300 $a58 p. ;$c24 cm 650 4$aMigranti - Pastorale.$0(OLS)http://semarc/subject/30511 850 $aSeMil 852 $aSeMil$W1$xVenegono$y1$m2F VI 36$j245322$B247170$CSeMilBibl$Z2$F247170 $81 961 $aGallivanone don Franco - Omaggio 996 $6020$a978-88-209-6995-0$9(OLS)http://semarc/number/299205 996 $6245$aOrientamenti per la pastorale della strada / $9(OLS)http://semarc/title/446209 996 $6264$aCittą del Vaticano :$bTipografia Vaticana$9(OLS)http://semarc/publisher/32862 LEADER 00962nam a2200229 i 4500 001 000000023062 003 CaOOAMICUS 005 20180830125446.0 008 180830s1938 it u000 u ita u 040 $aSeMil$bita 100 1 $aSaba, Agostino,$c.$0(OLS)http://semarc/name/4324 245 10$aStoria della Chiesa /$cAgostino Saba. 260 $aTorino :$bUnione Tipografico-Editrice Torinese,$c1938-1943. 300 $a4 v. ;$c27 cm. 650 4$aChiesa - Storia.$0(OLS)http://semarc/subject/8 774 0 $tDai pontefici di Avignone a Pio 12.$gvolume 3.$w()23063 774 0 $tDalle origini al secolo 8.$gVolume1$w()186847 774 0 $tDal potere temporale dei papi a Bonifacio 8.$gVolume2$w()186848 774 0 $t1.$gVolume3$w()186849 774 0 $t2.$gVolume3$w()186850 996 $6245$aStoria della Chiesa$9(OLS)http://semarc/title/234 996 $6260$aTorino :$bUnione Tipografico-Editrice Torinese$9(OLS)http://semarc/publisher/29628